On justice, power, and human nature : (Record no. 13317)
[ view plain ]
| 000 -LEADER | |
|---|---|
| fixed length control field | 01529cam a2200361 i 4500 |
| 001 - CONTROL NUMBER | |
| control field | 2997365 |
| 003 - CONTROL NUMBER IDENTIFIER | |
| control field | EG-ScBUE |
| 005 - DATE AND TIME OF LATEST TRANSACTION | |
| control field | 20240229120002.0 |
| 008 - FIXED-LENGTH DATA ELEMENTS--GENERAL INFORMATION | |
| fixed length control field | 930722t1993 inuab f b 001 0 eng d |
| 020 ## - INTERNATIONAL STANDARD BOOK NUMBER | |
| International Standard Book Number | 0872201686 (pbk.) |
| 040 ## - CATALOGING SOURCE | |
| Original cataloging agency | DLC |
| Language of cataloging | eng |
| Description conventions | rda |
| Transcribing agency | DLC |
| Modifying agency | DLC |
| -- | EG-ScBUE |
| 041 1# - LANGUAGE CODE | |
| Language code of text/sound track or separate title | eng |
| Language code of original and/or intermediate translations of text | grc |
| 043 ## - GEOGRAPHIC AREA CODE | |
| Geographic area code | e-gr--- |
| 082 04 - DEWEY DECIMAL CLASSIFICATION NUMBER | |
| Classification number | 938.007202 |
| Edition number | 22 |
| Item number | THU |
| 100 0# - MAIN ENTRY--PERSONAL NAME | |
| Personal name | Thucydides, |
| Relator term | author. |
| 9 (RLIN) | 11119 |
| 240 10 - UNIFORM TITLE | |
| Uniform title | <a href="History of the Peloponnesian War.">History of the Peloponnesian War.</a> |
| Language of a work | English. |
| Form subheading | Selections |
| 245 10 - TITLE STATEMENT | |
| Title | On justice, power, and human nature : |
| Remainder of title | the essence of Thucydides' History of the Peloponnesian War / |
| Statement of responsibility, etc | Thucydides ; edited and translated by Paul Woodruff. |
| 264 #1 - PUBLICATION, DISTRIBUTION, ETC. (IMPRINT) | |
| Place of publication, distribution, etc | Indianapolis, Indiana : |
| Name of publisher, distributor, etc | Hackett Publishing Company, |
| Date of publication, distribution, etc | [1993] |
| 264 #4 - PUBLICATION, DISTRIBUTION, ETC. (IMPRINT) | |
| Date of publication, distribution, etc | c1993 |
| 300 ## - PHYSICAL DESCRIPTION | |
| Extent | xxxv, 172 pages : |
| Other physical details | illustrations, maps ; |
| Dimensions | 22 cm |
| 336 ## - CONTENT TYPE | |
| Source | rdacontent |
| Content type term | text |
| Content type code | txt |
| 337 ## - MEDIA TYPE | |
| Media type term | unmediated |
| Source | rdamedia |
| Media type code | n |
| 338 ## - CARRIER TYPE | |
| Carrier type term | volume |
| Carrier type code | nc |
| Source | rdacarrier |
| 504 ## - BIBLIOGRAPHY, ETC. NOTE | |
| Bibliography, etc | Includes bibliographical references and index. |
| 546 ## - LANGUAGE NOTE | |
| Language note | Text in English ; translated from the original Greek.<br/> |
| 600 07 - SUBJECT ADDED ENTRY--PERSONAL NAME | |
| Personal name | Thucydides. |
| Title of a work | History of the Peloponnesian War. |
| Source of heading or term | BUEsh |
| 9 (RLIN) | 11120 |
| 651 #7 - SUBJECT ADDED ENTRY--GEOGRAPHIC NAME | |
| Geographic name | Greece |
| General subdivision | History |
| Chronological subdivision | Peloponnesian War, 431-404 B.C. |
| General subdivision | Historiography. |
| Source of heading or term | BUEsh |
| 9 (RLIN) | 11121 |
| 655 ## - INDEX TERM--GENRE/FORM | |
| Form subdivision | Reading book |
| 700 1# - ADDED ENTRY--PERSONAL NAME | |
| Personal name | Woodruff, Paul, |
| Dates associated with a name | 1943- |
| Relator term | editor, |
| -- | translator. |
| 9 (RLIN) | 11122 |
| 740 0# - ADDED ENTRY--UNCONTROLLED RELATED/ANALYTICAL TITLE | |
| Uncontrolled related/analytical title | Thucydides on justice, power, and human nature. |
| 942 ## - ADDED ENTRY ELEMENTS (KOHA) | |
| Source of classification or shelving scheme | Dewey Decimal Classification |
| Koha item type | Book - Borrowing |
| Withdrawn status | Lost status | Source of classification or shelving scheme | Damaged status | Not for loan | Collection code | Home library | Current library | Shelving location | Date acquired | Source of acquisition | Cost, normal purchase price | Serial Enumeration / chronology | Total Checkouts | Total Renewals | Full call number | Barcode | Date last seen | Date checked out | Price effective from | Koha item type |
|---|---|---|---|---|---|---|---|---|---|---|---|---|---|---|---|---|---|---|---|---|
| Dewey Decimal Classification | AUC | Central Library | Central Library | Second Floor | 08/02/2010 | Purchase | 20.00 | 2 | 2 | 14 | 938.007202 THU | 000019165 | 15/07/2025 | 30/03/2014 | 08/02/2010 | Book - Borrowing |